000 00264nam a2200109Ia 4500
008 230907s9999||||xx |||||||||||||| ||und||
082 _a570
_bMAD
245 0 _aEssentials of biology :
260 _aMcGraw-Hill,
_bNew York :
_c2015
300 _a310 p.
942 _cBK
999 _c601026
_d601026